Carta a un niño que nunca nació
Guardat en:
| Autor principal: | |
|---|---|
| Format: | Llibre |
| Idioma: | espanyol |
| Publicat: |
Barcelona
Noguer
1976
|
| Col·lecció: | Colección Galería Literaria
|
| Matèries: | |
| Etiquetes: |
Afegir etiqueta
Sense etiquetes, Sigues el primer a etiquetar aquest registre!
|
MARC
| LEADER | 00000nam a2200000 a 4500 | ||
|---|---|---|---|
| 001 | UCL3629 | ||
| 003 | CL-VaPUC | ||
| 008 | 031205e19760000SP |||||||||||||||||spa|d | ||
| 020 | |a 8427911521 | ||
| 082 | 0 | 4 | |a 853 |b FAL |2 21 |
| 100 | 0 | |a Fallaci, Oriana |e author |9 480986 | |
| 245 | 1 | 0 | |a Carta a un niño que nunca nació |
| 300 | |a 119 p | ||
| 942 | |c BK | ||
| 945 | |d 20031205 00:00:00 |a vberengu | ||
| 260 | |a Barcelona |b Noguer |c 1976 | ||
| 650 | 0 | |a Literatura italiana |9 266970 | |
| 650 | 0 | |a Novela italiana |9 265740 | |
| 650 | 0 | |a Formas y géneros literarios |9 324031 | |
| 583 | |a last modification |c 20031205 00:00:00 |k Rodrigo Vera | ||
| 490 | 0 | |a Colección Galería Literaria | |
| 999 | |c 306646 |d 306644 | ||
| 952 | |0 0 |1 0 |4 0 |6 853_000000000000000_FAL_1976 |7 0 |8 A |9 371813 |a BIBTEO |b BIBTEO |d 2019-11-21 |i 2096498 |o 853 FAL 1976 |p 2096498 |r 2025-01-17 |w 2019-11-21 |y BK |k ICR | ||